书目信息 |
| 题名: |
超脑行为经济学
|
|
| 作者: | 孙惟微 著 | |
| 分册: | ||
| 出版信息: | 南昌 江西人民出版社 2018.02 |
|
| 页数: | 10, 257页 | |
| 开本: | 23cm | |
| 丛书名: | ||
| 单 册: | ||
| 中图分类: | F069.9 | |
| 科图分类: | ||
| 主题词: | 行为经济学--xing wei jing ji xue | |
| 电子资源: | ||
| ISBN: | 978-7-210-09833-1 | |
| 000 | 01137nam0 2200277 450 | |
| 001 | 202019134452 | |
| 005 | 20191002113834.0 | |
| 010 | @a978-7-210-09833-1@dCNY39.80 | |
| 100 | @a20190928d2018 em y0chiy50 ea | |
| 101 | 0 | @achi |
| 102 | @aCN@b360000 | |
| 105 | @aa z 000yy | |
| 106 | @ar | |
| 200 | 1 | @a超脑行为经济学@Achao nao xing wei jing ji xue@e“错误的行为”背后精巧的进化机制@f孙惟微著 |
| 210 | @a南昌@c江西人民出版社@d2018.02 | |
| 215 | @a10, 257页@c图@d23cm | |
| 312 | @a英文题名取自封面 | |
| 314 | @a孙惟微, 商业观察家。 | |
| 330 | @a本书是一本研究人们日常行为非理性一面的图书, 作者认为人们在处理某些事件时犹如赌客一样疯狂和感情用事。书中以日常现象为切入点, 对“行为经济学”这个课题进行全面、深入、独到的阐释, 涉及了进化论、心理学、社会学、传播学等领域最前沿的发现。 | |
| 510 | 1 | @aSuper brain behavioral economics@zeng |
| 517 | 1 | @a“错误的行为”背后精巧的进化机制@A“ cuo wu de xing wei ” bei hou jing qiao de jin hua ji zhi |
| 606 | 0 | @a行为经济学@Axing wei jing ji xue |
| 690 | @aF069.9@v5 | |
| 701 | 0 | @a孙惟微@Asun wei wei@4著 |
| 801 | 0 | @aCN@c20190905 |
| 905 | @a河南城建学院图书馆@dF069.9@eS957 | |
| 超脑行为经济学:“错误的行为”背后精巧的进化机制/孙惟微著.-南昌:江西人民出版社,2018.02 |
| 10, 257页:图;23cm |
| ISBN 978-7-210-09833-1:CNY39.80 |
| 本书是一本研究人们日常行为非理性一面的图书, 作者认为人们在处理某些事件时犹如赌客一样疯狂和感情用事。书中以日常现象为切入点, 对“行为经济学”这个课题进行全面、深入、独到的阐释, 涉及了进化论、心理学、社会学、传播学等领域最前沿的发现。 |
| ● |
| 相关链接 |
|
|
|
正题名:超脑行为经济学
索取号:F069.9/S957
 
预约/预借
| 序号 | 登录号 | 条形码 | 馆藏地/架位号 | 状态 | 备注 |
| 1 | 1442481 | 214424817 | 社科二线422/409社科库 65排4列2层/ [索取号:F069.9/S957] | 在馆 | |
| 2 | 1442482 | 214424826 | 社科库409/409社科库 65排4列2层/ [索取号:F069.9/S957] | 在馆 |